| 000 | 00960nam a22002417a 4500 | ||
|---|---|---|---|
| 005 | 20170123164141.0 | ||
| 010 | _aB-109361 | ||
| 020 | _c100.00 | ||
| 035 | _aB-109361 | ||
| 040 |
_aDPL _bPN |
||
| 082 |
_a851 _bਗੁਲਾਟੀ |
||
| 245 |
_aਪੰਜਾਬ ਦੇ ਲੋਕ ਗੀਤ / _cਸੰਕਲਨ ਸ਼ਕੁੰਤਲਾ ਗੁਲਾਟੀ |
||
| 246 |
_aPunjab dey lok geet _bcompiled by shakuntala gulati |
||
| 260 |
_aਲੁਧਿਆਣਾ _bਚੇਤਨਾ ਪ੍ਰਕਾਸ਼ਨ |
||
| 270 |
_aਪੰਜਾਬੀ ਭਵਨ, _bਲੁਧਿਆਣਾ |
||
| 300 |
_a120p. _c23cm(Hb) |
||
| 650 |
_aਪੰਜਾਬੀ ਸਾਹਿਤ-ਲੋਕ ਗੀਤ _97774 |
||
| 650 |
_aਪੰਜਾਬੀ ਸਾਹਿਤ _9779 |
||
| 650 |
_aPunjabi Literature-Folk songs _97775 |
||
| 650 |
_aPunjabi Literature _9781 |
||
| 700 |
_a ਗੁਲਾਟੀ, ਸ਼ਕੁੰਤਲਾ _915968 |
||
| 942 |
_2ddc _cPN _h851 _m ਗੁਲਾਟੀ |
||
| 999 |
_c109683 _d109683 |
||